| 000 | 00000nas 2200000za 4500 |
| 001 | 9.843256 |
| 003 | CaOODSP |
| 005 | 20250403105953 |
| 007 | cr ||||||||||| |
| 008 | 150406d19871995oncar p oss f0 b0fre|d |
| 022 | |y9.843253 |
| 040 | |aCaOODSP|bfre |
| 041 | |aeng|afre |
| 043 | |an-cn--- |
| 086 | 1 |aCS13-213P-PDF |
| 245 | 00|aProvincial economic accounts, preliminary estimates |h[ressource électronique] / |cStatistics Canada, Income and Expenditure Accounts Division = Comptes économiques provinciaux, estimations préliminaires / Statistique Canada, Division des comptes des revenus et dépenses. |
| 246 | 11|aComptes économiques provinciaux, estimations préliminaires |
| 246 | 13|aProvincial economic accounts, preliminary estimates. |nPart I, |pTables |
| 246 | 13|aProvincial economic accounts, preliminary estimates. |nPart II, |pAnalytical document |
| 246 | 13|aComptes économiques provinciaux, estimations préliminaires. |nPartie I, |pTableaux |
| 246 | 13|aComptes économiques provinciaux, estimations préliminaires. |nPartie II, |pDocument analytique |
| 260 | |aOttawa : |bStatistics Canada = Statistique Canada, |c1989-1994. |
| 310 | |aAnnuel |
| 362 | 0 |a1988-1993. |
| 490 | 0 |aSystem of national accounts = Système de comptabilité nationale |
| 500 | |aÉdition numérisée de l’imprimé [par Statistique Canada]. |
| 546 | |aTexte en anglais et en français. |
| 550 | |aPubl. 1991-1992 par la Division des comptes nationaux et de l'environnement; 1993 par Statistique Canada. |
| 692 | 07|2gccst|aConditions économiques |
| 710 | 2 |aStatistique Canada.|bDivision des comptes des revenus et dépenses. |
| 710 | 2 |aStatistique Canada.|bDivision des comptes nationaux et de l'environnement. |
| 710 | 2 |aStatistique Canada. |
| 791 | |tProvincial economic accounts, preliminary estimates |eeng|w(CaOODSP)9.843253 |